000 00565nam a2200193Ii 4500
003 JO-AjNU
008 230605s9999||||xx |||||||||||||| ||und||
040 _aJO-AjNU
_bara
_erda
_cJO-AjNU
041 _aara
050 1 4 _aBF575.L8.Y85
100 3 _aأسعد،يوسف ميخائيل,
_eauthor
_910692
245 0 0 _aالحب والكراهية
264 3 1 _aد.م:مكتبة غريب ،د.ت
300 _a318ص
336 _atext
_btxt
_2rdacontent
337 _aunmediated
_bn
_2rdamedia
338 _avolume
_bnc
_2rdacarrier
650 4 _aحب-كراهية
_910693
999 _aA1936
_c5504
_d5504